000 00544nam a2200193 4500
001 4546189
005 20180205093106.0
008 720421s1972 caua 001 0 eng
010 _a 70158942
040 _aDLC
_cDLC
_dDLC
041 _aeng
080 _a515 CRO
082 0 0 _a515 CRO
100 1 _a36
101 _aMAT
245 1 0 _aCalculus for business, biology, and the social sciences,
_cby David G. Crowdis, Susanne M. Shelley [and] Brandon W. Wheeler.
906 _a7
_bcbc
_corignew
_d2
_encip
_f19
_gy-gencatlg
942 _2ddc
_cBK
999 _c41831
_d41831